Catálogo público

Peremial garden plants or the modern florilegium : (Record no. 200492)

MARC details
000 -CABECERA
campo de control de longitud fija 00830nam a2200277Ia 4500
001 - NÚMERO DE CONTROL
campo de control Para_1845
003 - IDENTIFICADOR DEL NÚMERO DE CONTROL
campo de control CHAP
008 - DATOS DE LONGITUD FIJA--INFORMACIÓN GENERAL
campo de control de longitud fija 220125s1990 xx 000 0 und d
010 ## - NÚMERO DE CONTROL DE LA BIBLIOTECA DEL CONGRESO
Número de control de LC 200492
040 ## - FUENTE DE LA CATALOGACIÓN
Centro/agencia transcriptor CHAP
082 ## - NÚMERO DE LA CLASIFICACIÓN DECIMAL DEWEY
Número de clasificación PA 635.932 T5
100 ## - ENTRADA PRINCIPAL--NOMBRE DE PERSONA
Nombre de persona Thomas, Graham Stuart
9 (RLIN) 112828
245 ## - MENCIÓN DE TÍTULO
Título Peremial garden plants or the modern florilegium :
Resto del título a concise account of herbaceous plants, including bulbs, for general garden use /
Mención de responsabilidad, etc. by Graham Stuart Thomas
250 ## - MENCIÓN DE EDICIÓN
Mención de edición 3a.
260 ## - PUBLICACIÓN, DISTRIBUCIÓN, ETC.
Lugar de publicación, distribución, etc. Portland, Oregon :
Nombre del editor, distribuidor, etc. Saga Press
300 ## - DESCRIPCIÓN FÍSICA
Extensión 463 p.
650 ## - PUNTO DE ACCESO ADICIONAL DE MATERIA--TÉRMINO DE MATERIA
Término de materia o nombre geográfico como elemento de entrada Plantas ornamentales
9 (RLIN) 89056
650 ## - PUNTO DE ACCESO ADICIONAL DE MATERIA--TÉRMINO DE MATERIA
Término de materia o nombre geográfico como elemento de entrada Plantas perenes
9 (RLIN) 165368
901 ## - ELEMENTOS DE DATOS A LOCAL LDA (RLIN)
a PA 635.932 T5
902 ## - ELEMENTOS DE DATOS B LOCAL, LDB (RLIN)
a A
905 ## - ELEMENTOS DE DATOS E LOCAL, LDE (RLIN)
a 0000001990 a 0000000000 00
910 ## - DATOS DE OPCIÓN DEL USUARIO (OCLC)
Datos de opción del usuario 1990
942 ## - ELEMENTOS DE PUNTO DE ACCESO ADICIONAL (KOHA)
Tipo de ítem Koha Parasitologia_
942 ## - ELEMENTOS DE PUNTO DE ACCESO ADICIONAL (KOHA)
Tipo de ítem Koha Parasitologia_
-- 1
Holdings
Estado de retiro Estado de pérdida Fuente del sistema de clasificación o colocación Estado dañado Restricciones de uso No para préstamo Código de colección Localización permanente Ubicación/localización actual Fecha de adquisición Número de inventario Total de préstamos Signatura topográfica completa Código de barras Fecha visto por última vez Número de copia Precio válido a partir de Tipo de ítem Koha Nota pública
    Dewey Decimal Classification   Préstamo interno   General Parasitologia Agricola Parasitologia Agricola 27/10/2005 (PA_7484) (No. UACh 174927)   PA 635.932 T5 4102003787 25/01/2022 Ej.1 25/01/2022 Libro 3